00353nam a2200097Ia 4500008004100000040002900041050002600070100001900096245010900115260003100224230222s9999||||xx |||||||||||||| ||und|| cChuka University Library aTHE HG 3766bM83 2016 aMwaniki,Mutegi 0aEffect of corporate govrnance on financial distress of firms listed at Nairobi securities exchange,Kenya aCUbChuka Universityc2016